| 000 | 00490nam a22001695i 4500 | ||
|---|---|---|---|
| 001 | 53311 | ||
| 003 | ES-MaACL | ||
| 005 | 20230906162737.0 | ||
| 007 | t| | ||
| 008 | 950925q18011900fr ||||1| fre d | ||
| 040 |
_aCAM _bspa _cCAM |
||
| 100 | 0 |
_aErckmann-Chatrian. _947367 |
|
| 245 | 1 | 2 |
_aL'art et les grands idéalistes / _cpar Erckmann-Chatrian. |
| 260 |
_aParis : _bJ. Hetzel et Cie., _c[18--?] ( _fGaulthier-Villars) |
||
| 300 |
_a[4], 337 p. ; _c19 cm. |
||
| 852 |
_aES-MaACL _jF-11140 |
||
| 999 |
_c53311 _d53311 |
||